Dejiny železiarskeho priemyslu na Slovensku od konca 18. storočia do roku 1867

Salvato in:
Dettagli Bibliografici
Autore principale: Hapák, Pavel
Natura: Libro
Lingua:slovacco
Pubblicazione: Bratislava Slovenska akdémia vied 1962
Tags: Aggiungi Tag
Nessun Tag, puoi essere il primo ad aggiungerne!!

MARC

LEADER 00000nam a2200000 4500
001 c123060
005 20041019155227.2
041 0 |a slo 
044 |a SK 
245 1 0 |a Dejiny železiarskeho priemyslu na Slovensku  |b od konca 18. storočia do roku 1867  |c Pavel Hapák 
264 1 |a Bratislava  |b Slovenska akdémia vied  |c 1962 
300 |a 315 s.  |e 27 obr. príl. 
100 1 |a Hapák, Pavel